| 000 | 00361nam a22001457a 4500 | ||
|---|---|---|---|
| 003 | OSt | ||
| 005 | 20211229153041.0 | ||
| 008 | 211229b |||||||| |||| 00| 0 eng d | ||
| 020 | _a1850322988 | ||
| 040 | _cHU | ||
| 082 | _a005.453 | ||
| 100 |
_aTerry P.D _926134 |
||
| 245 | _aCompilers and Compiler Generators an Introduction With C++ | ||
| 942 |
_2ddc _cBOOKS _n0 |
||
| 999 |
_c25069 _d25069 |
||